[Event "ARG-ch U12 Girls"]
[Site "Buenos Aires"]
[Date "2019.03.05"]
[Round "9.2"]
[White "Jara Molina, Abril Selene"]
[Black "Bontempi, Sofia Milagros"]
[Result "1-0"]
[WhiteElo "1108"]
[BlackElo "1403"]
[PlyCount "97"]
[EventDate "2019.03.01"]
[EventType "swiss"]
[EventRounds "9"]
[EventCountry "ARG"]
[SourceTitle "EXT 2024"]
[Source "ChessBase"]
[SourceDate "2023.10.10"]
[SourceVersion "1"]
[SourceVersionDate "2023.10.10"]
[SourceQuality "1"]

1. d4 Nf6 2. Bf4 g6 3. e3 Bg7 4. Nf3 0-0 5. Nbd2 d6 6. Be2 c5 7. c3 Nbd7 8. h3 Re8 9. g4 e5 10. Bg3 b6 11. g5 Nd5 12. Qb3 Nc7 13. dxe5 dxe5 14. Bc4 Rf8 15. Ne4 Bb7 16. Bxf7+ Rxf7 17. Nd6 Bd5 18. Nxf7 Bxf7 19. Qc2 Bd5 20. e4 Be6 21. h4 Qf8 22. Nd2 Bg4 23. Rf1 Qf7 24. f3 Be6 25. f4 Qe7 26. f5 gxf5 27. exf5 Bf7 28. f6 Bg6 29. Qb3+ Bf7 30. fxe7 Bxb3 31. axb3 Re8 32. Rxa7 Rc8 33. e8Q+ Nxe8 34. Rxd7 Ra8 35. Rff7 Ra1+ 36. Ke2 Ra8 37. Ne4 Rb8 38. Nf6+ Bxf6 39. gxf6 b5 40. Rxh7 Nxf6 41. Rhg7+ Kh8 42. Bxe5 Nxd7 43. Rxd7+ Kg8 44. Bxb8 b4 45. h5 bxc3 46. bxc3 c4 47. h6 cxb3 48. h7+ Kh8 49. Be5# 1-0